Closest Capital Cities with Same Initial - Statistics

General Stats
  • This quiz has been taken 72 times
  • The average score is 24 of 40
Answer Stats
ANSWER % Correct
Budapest
88%
Bratislava
84%
Warsaw
79%
Washington
79%
Oslo
78%
London
76%
Vienna
76%
Jerusalem
72%
Luxembourg
72%
Vaduz
72%
Rome
69%
Hanoi
66%
Georgetown
64%
Tunis
64%
Damascus
60%
Doha
60%
Guatemala City
60%
Tripoli
60%
Algiers
59%
Caracas
59%
Riga
59%
Andorra la Vella
57%
Sofia
57%
Funafuti
55%
Freetown
53%
Kampala
53%
Kigali
53%
Ouagadougou
53%
Skopje
53%
Juba
52%
Maputo
48%
Pristina
48%
Niamey
47%
Yamoussoukro
47%
Yaounde
47%
Podgorica
43%
Castries
41%
Honiara
41%
Mbabane
41%
N'Djamena
41%
No matching quizzes found
Score Distribution
Percent of People with Each Score
Percentile by Number Answered
Your Score History
You have not taken this quiz